000 00530nmm a2200169Ia 4500
008 251105s9999||||xx |||||||||||||||||und||
020 _a9788418943485
041 _aspa
100 _aTaranilla de la Varga, Carlos Javier
245 0 _aMuseo de Orsay. Guía de Arte :
_b 100 obras maestras esenciales
264 _a[Madrid, España] :
_bEdiciones Nowtilus,
_c2023
300 _a332 páginas
490 _aGrandes museos
650 _aArts in general
856 _uhttps://public.digitaliapublishing.com/a/171813
942 _cCF
999 _c80102
_d80102